Catálogo

INTRODUCCION A LA ECONOMIA CONTEMPORANEA (Registro nro. 18891)

Detalles MARC
000 -LEADER
fixed length control field 00544nam a2200193 a 4500
001 - CONTROL NUMBER
control field 18891
005 - DATE AND TIME OF LATEST TRANSACTION
control field 20180713212246.0
008 - FIXED-LENGTH DATA ELEMENTS--GENERAL INFORMATION
fixed length control field 140415s1962 000 0 spa d
041 ## - LANGUAGE CODE
Language code of text/sound track or separate title spa
082 ## - DEWEY DECIMAL CLASSIFICATION NUMBER
Classification number 330
Item number SOU
100 1# - MAIN ENTRY--PERSONAL NAME
Personal name SOULE, GEORGE
245 10 - TITLE STATEMENT
Title INTRODUCCION A LA ECONOMIA CONTEMPORANEA
250 ## - EDITION STATEMENT
Edition statement 3a ed.
260 ## - PUBLICATION, DISTRIBUTION, ETC.
Place of publication, distribution, etc. [s.l.] :
Name of publisher, distributor, etc. FONDO DE CULTURA ECONOMICA,
Date of publication, distribution, etc. 1962
300 ## - PHYSICAL DESCRIPTION
Extent 153
490 ## - SERIES STATEMENT
Series statement BREVIARIOS DEL FONDO DE CULTURA ECONOMICA
Volume/sequential designation 36
650 14 - SUBJECT ADDED ENTRY--TOPICAL TERM
Topical term or geographic name entry element ECONOMIA
700 1# - ADDED ENTRY--PERSONAL NAME
Personal name LARA BEAUTELL, CRISTOBAL
Relator term tr.
Existencias
Withdrawn status Lost status Source of classification or shelving scheme Damaged status Not for loan Collection code Home library Current library Shelving location Date acquired Source of acquisition Inventory number Total Checkouts Full call number Barcode Date last seen Price effective from Koha item type
    Dewey Decimal Classification     General Biblioteca Karol Wojtyla Biblioteca Karol Wojtyla Sala general 03/12/2013 Compra 151000000000000000054550   330 SOU 38322 05/01/2026 03/12/2013 Libro